| 000 | 00695nam a2200205 4500 | ||
|---|---|---|---|
| 001 | 173081 | ||
| 003 | ES-MaACL | ||
| 005 | 20230906215128.0 | ||
| 008 | 091028s1955 sp |||| | baq d | ||
| 080 | _a821.361-3"19" | ||
| 100 | 1 |
_aEtxaide Itharte, Yon. _948300 |
|
| 245 | 1 | 0 |
_aJoanak-Joan _b: Piarres Topet Etxahun Barkoxtar koblariani buruz egin eleberria / _cEtxaide'tar Yon ; Santos Etxeberria'ren irudiak. |
| 260 |
_aZarautz : _bItxaropena, _c1955. |
||
| 300 |
_a279, [2] p. : _bil. ; _c19 cm. |
||
| 490 | 1 | _aKuliska Sorta. 9-10 | |
| 700 | 1 |
_aEcheberria, Santos. _9141487 |
|
| 830 | 0 |
_aKuliska Sorta. 9-10 _9223480 |
|
| 852 | 4 |
_aES-MaACL _jC-10626 _9R.37950 |
|
| 999 |
_c173081 _d173081 |
||